|
|
|
|
| LEADER |
00781nam a2200253 a 4500 |
| 001 |
adlib96000001 |
| 003 |
ViArRB |
| 005 |
20151026132429.0 |
| 008 |
960221s1955 dcuabcdjdbkoqu001 0deng d |
| 020 |
|
|
|a 9783527318261
|
| 022 |
|
|
|
| 040 |
|
|
|a Adlib
|
| 082 |
|
|
|a 541.64
|
| 245 |
|
|
|a Modern supramolecular chemistry:strategies for macrocycle synthesis
|
| 250 |
|
|
|
| 260 |
|
|
|a Weinheim
|b Wiley - VCH verlag GmbH & Co. KGaA
|c 2008
|
| 300 |
|
|
|a xvii,400p
|
| 500 |
|
|
|a
|
| 100 |
|
|
|a Diederich,Francois
|e ed.by
|
| 700 |
|
|
|a Stang, Peter J.
|a Tykqwinski, Rik R.
|
| 942 |
|
|
|c BK
|6 _
|
| 653 |
|
|
|a Macromolecular chemistry
|a Supramolecular chemistry
|
| 999 |
|
|
|c 48618
|d 48618
|
| 952 |
|
|
|0 0
|1 0
|4 0
|6 54164_DIE
|7 0
|9 61278
|a UL
|b UL
|d 2010-06-16
|o 541.64 DIE
|p 00062606
|r 2010-06-16
|w 2010-06-16
|y BK
|